LIBRARY & INFORMATION CENTRE, KCAET, TAVANUR

ONLINE PUBLIC ACCESS CATALOGUE (OPAC)

Food and you (Record no. 1222)

MARC details
000 -LEADER
fixed length control field 00345cam a2200157ua 4500
041 ## - LANGUAGE CODE
Language code of text/sound track or separate title eng
082 ## - DEWEY DECIMAL CLASSIFICATION NUMBER
Classification number 641.3
Item number NAS/FO
100 ## - MAIN ENTRY--AUTHOR NAME
Personal name Nasset, Edmundsigurd .
245 ## - TITLE STATEMENT
Title Food and you
250 ## - EDITION STATEMENT
Edition statement 2 /
260 ## - PUBLICATION, DISTRIBUTION, ETC. (IMPRINT)
Place of publication New York :
Name of publisher Barnes and noble Inc ,
Year of publication 1958.
300 ## - PHYSICAL DESCRIPTION
Number of Pages 166 ; .
942 ## - ADDED ENTRY ELEMENTS (KOHA)
Koha item type Books
Holdings
Withdrawn status Lost status Damaged status Home library Current library Date acquired Full call number Accession Number Koha item type
      KAUAET KAUAET 07/04/2012 641.3 3111 Books
free website counter